|
|
|
|
| LEADER |
00946cam a2200253 7i4500 |
| 001 |
0000004166 |
| 005 |
20170218090000.0 |
| 008 |
070214 eng |
| 020 |
|
|
|a 9780471081302
|
| 020 |
|
|
|a 0471081302 (pbk.)
|
| 090 |
0 |
0 |
|a QA76.9
|b .I56 2002
|
| 100 |
1 |
|
|a Inmon, W. H
|
| 245 |
1 |
0 |
|a Building the data warehouse
|c W. H. Inmon.
|
| 250 |
|
|
|a 3rd ed.
|
| 260 |
|
|
|a New York:
|b John Wiley & Sons, Inc.,
|c 2002.
|
| 300 |
|
|
|a xx, 412 p.:
|b ill.;
|c 24 cm.
|
| 504 |
|
|
|a Includes bibliographical references and index
|
| 650 |
0 |
0 |
|a Database management
|
| 650 |
0 |
0 |
|a Data warehousing
|
| 997 |
|
|
|a Communication, Visual Art & Computing, Faculty
|b Computing, Department
|
| 999 |
|
|
|a 0000007331
|b BOK
|c OPEN SHELF
|e 2nd Floor, Bestari Jaya
|
| 999 |
|
|
|a 0000007332
|b BOK
|c OPEN SHELF
|e 2nd Floor, Bestari Jaya
|
| 999 |
|
|
|a 0000017760
|b BOK
|c OPEN SHELF
|e 2nd Floor, Bestari Jaya
|
| 999 |
|
|
|a 0000017761
|b BOK
|c OPEN SHELF
|e 2nd Floor, Bestari Jaya
|